000 01471nac a22003737a 4500
001 BR8200651
003 BR-BrBNA
005 20240105115226.0
008 230509b bl.|||m| |||| 00| 0 por d
040 _aBR-BrBNA
_bpor
_cBiblioteca Nacional de Agricultura
072 _aE15; F00; E70
090 _a0120 BR8200651
100 1 _aCarvalho, L.C.P. de
110 1 _aUniversidade de Sao Paulo, Sao Paulo (Brasil). Inst. de Pesquisas Economicas
_910549
245 1 _aTecnologia e produtividade agricola - um estudo de caso: a cultura do milho em Sao Paulo [Zea mays; Pratica cultural; Preco; Custo de producao; Custo operacional; Brasil]
246 1 _a[Farm technology and productiveness - a case study: maize crop in Sao Paulo [Zea mays; Cultural practice; Price; Production cost; Operational cost; Brazil]]
260 3 _aSao Paulo, SP (Brasil):
_c1981.
300 _a125 p.
490 _aEnsaios Economicos - Universidade de Sao Paulo. Inst. de Pesquisas Economicas (Brazil)
_vv. 9
_x
500 _a14 illus.; 21 tables; Bibliography p. 121-125 (61 ref.)
650 _aMicroeconomia
650 _aProducao vegetal
650 _aComercializacao
650 _aMilho
650 _aPratica cultural
650 _aPreco
650 _aTecnologia agricola
650 _aProdutividade
650 _aCusto de producao
650 _aCusto operacional
650 _aSao Paulo
909 _a202312
_bLúcia Elande
_c55
_dLúcia Elande
942 _2AGRIS
_n0
_cMS
999 _c273755
_d273755